000
00285nam a2200121Ia 4500
005
20260328101453.0
008
260328s9999||||xx |||||||||||||| ||und||
245
0
_a
Alessi :
_b
Catálogo General 2009 /
260
_b
----
300
_a
200 p.
650
_a
DISEÑO INDUSTRIAL
942
_c
BK
999
_c
8755
_d
8755